Statistics for Every City in Colorado on a Map

Click here to take the quiz!

General Stats

  • This quiz has been taken 980 times
    (916 since last reset)
  • The average score is 40 of 271

Answers on the Map

Answers color-coded by a green-red scale on the quiz's map according to % correct below.
Loading ...
 

Answer Stats

CityPopulation% Correct
Denver732,144
98%
Colorado Springs493,799
90%
Boulder109,557
80%
Aurora371,922
74%
Fort Collins171,266
68%
Pueblo114,221
66%
Aspen6,844
66%
Grand Junction64,092
61%
Vail5,609
54%
Greeley113,065
49%
Durango19,820
46%
Arvada124,170
46%
Loveland81,895
45%
Breckenridge5,070
44%
Lakewood160,429
42%
Steamboat Springs13,215
41%
Littleton46,900
41%
Castle Rock63,930
41%
Golden20,942
39%
Centennial111,336
39%
Telluride2,606
38%
Longmont96,068
38%
Thornton146,825
38%
Westminster116,308
36%
Broomfield71,461
35%
Glenwood Springs10,426
33%
Parker56,008
32%
Estes Park6,494
30%
Gunnison6,495
30%
Trinidad8,154
30%
Leadville2,864
30%
Alamosa10,314
30%
Montrose20,262
30%
Limon2,075
29%
Rifle10,133
29%
Cortez9,874
28%
Silverton627
27%
Cañon City17,420
27%
Eagle6,997
27%
Commerce City58,511
26%
Ouray1,135
26%
Springfield1,342
26%
Fruita13,362
25%
Fort Morgan11,477
25%
Louisville22,205
24%
Englewood37,194
24%
Sterling13,874
24%
Pagosa Springs2,069
24%
Idaho Springs1,767
24%
Buena Vista2,946
23%
Brighton40,579
23%
Frisco3,342
23%
Delta9,337
22%
Salida5,953
22%
Fountain30,520
22%
Lafayette30,139
22%
La Junta6,933
22%
Monument6,973
22%
Manitou Springs5,476
21%
Lamar7,480
21%
Georgetown1,072
20%
Craig9,354
20%
Silverthorne4,934
19%
Fairplay758
19%
Walsenburg3,212
19%
Lone Tree13,559
19%
Lyons2,172
19%
Avon6,657
19%
Cripple Creek1,268
19%
Wheat Ridge32,047
19%
Nederland1,591
18%
Winter Park1,134
18%
Yuma3,594
18%
Woodland Park8,038
18%
Burlington4,136
17%
Superior13,737
17%
Dillon997
17%
Glendale5,236
17%
Crested Butte1,697
17%
Northglenn39,429
17%
Black Hawk127
17%
Granby2,108
16%
Central City763
16%
Carbondale7,209
16%
Castle Pines10,089
16%
Fort Lupton8,313
16%
Windsor25,959
16%
Erie26,688
16%
Morrison424
15%
Johnstown17,024
15%
Las Animas2,138
15%
Dinosaur329
15%
Lake City387
15%
Palisade2,698
15%
Larkspur205
15%
Dolores1,093
14%
Kiowa727
14%
Julesburg1,274
14%
Brush5,276
14%
Meeker2,343
13%
Alma312
13%
Saguache521
13%
Grand Lake537
13%
Basalt4,047
13%
Kremmling1,609
13%
Snowmass Village2,852
13%
Holly748
13%
Berthoud7,199
13%
Sheridan6,089
13%
Gypsum7,356
13%
Monte Vista4,278
12%
Akron1,777
12%
Kit Carson238
12%
Greenwood Village16,133
12%
Florence4,150
12%
Elizabeth1,376
12%
Wray2,367
12%
Creede317
12%
Eaton5,551
11%
Eads537
11%
Wellington10,493
11%
Parachute1,158
11%
Poncha Springs804
11%
Firestone15,710
11%
Silver Plume176
11%
Rocky Ford3,822
11%
Edgewater5,410
10%
Silt3,270
10%
Palmer Lake2,799
10%
Federal Heights12,710
10%
Evans22,425
10%
Jamestown268
10%
Cedaredge2,337
10%
Victor415
10%
Fraser1,378
9%
Hot Sulphur Springs756
9%
Walden582
9%
Holyoke2,135
9%
Ward164
9%
Moffat120
8%
Montezuma68
8%
Frederick14,491
8%
Sedgwick140
8%
Milliken7,593
8%
San Luis705
8%
Bayfield2,817
8%
Empire303
8%
Hotchkiss961
8%
Cheyenne Wells875
8%
Lakeside8
8%
Minturn1,066
8%
Cherry Hills Village6,771
8%
Rangely2,343
8%
Mead4,790
8%
Dacono6,020
8%
Del Norte1,604
8%
Hudson1,609
8%
Westcliffe633
7%
Olathe1,859
7%
Lochbuie6,709
7%
Ault1,857
7%
Bennett2,506
7%
Deer Trail894
7%
Platteville3,022
7%
Mancos1,703
7%
Bow Mar1,028
7%
Red Cliff279
6%
South Fork351
6%
Paonia1,491
6%
New Castle5,086
6%
Hayden1,925
6%
Rico232
6%
Timnath4,420
6%
Marble144
6%
Center2,366
6%
Garden City265
6%
Ridgway1,114
6%
Mountain View531
6%
Hugo769
6%
La Veta843
6%
Foxfield801
6%
Dove Creek802
6%
Naturita542
6%
Crawford424
5%
Nunn463
5%
Yampa468
5%
Ovid308
5%
Blue River964
5%
Severance4,990
5%
LaSalle2,339
5%
Kersey1,626
5%
Columbine Valley1,553
5%
Crestone146
5%
Kim69
5%
Ordway1,094
5%
Antonito747
5%
Mountain Village1,493
5%
Green Mountain Falls703
5%
Nucla728
5%
Silver Cliff670
5%
Keenesburg1,227
5%
Rye162
5%
Pierce1,636
5%
Iliff263
4%
Grover153
4%
Genoa145
4%
Seibert216
4%
Orchard City3,236
4%
Crook108
4%
Merino279
4%
Campo103
4%
Hooper101
4%
Pitkin72
4%
Branson69
4%
Crowley167
4%
Manassa983
4%
Norwood608
4%
Mount Crested Butte860
4%
Stratton642
4%
Simla603
4%
Ignacio734
4%
Flagler545
4%
Gilcrest1,097
4%
De Beque503
4%
Otis498
4%
Fowler1,148
4%
Log Lane Village840
4%
Calhan819
4%
Wiggins868
4%
Haxtun890
4%
Oak Creek926
4%
Manzanola419
4%
Fleming404
4%
Blanca397
4%
Boone362
4%
Raymer109
3%
La Jara795
3%
Cokedale121
3%
Two Buttes40
3%
Ramah129
3%
Pritchett132
3%
Paoli35
3%
Bonanza19
3%
Collbran716
3%
Bethune327
3%
Williamsburg694
3%
Aguilar473
3%
Rockvale524
3%
Ophir179
3%
Coal Creek348
3%
Granada500
3%
Walsh500
3%
Peetz234
3%
Hillrose254
3%
Swink592
3%
Eckley258
3%
Wiley393
2%
Sawpit39
2%
Romeo406
2%
Starkville55
2%
Haswell67
2%
Olney Springs329
2%
Brookside260
2%
Sanford871
2%
Hartman75
2%
Cheraw250
2%
Vona104
2%
Vilas107
2%
Sugar City246
2%
Arriba202
2%
Sheridan Lake82
2%

Score Distribution

Percentile by Number Answered

Percent of People with Each Score

Your Score History

You have not taken this quiz since the last reset